MARC

Tag First Indicator Second Indicator Subfields
LEADER 00000pam a2200000 a 4500
001 in00000091948
005 20151008064101.0
008 801230s1981 enka b 10010 eng
010 |a  80041690  
015 |a GB81 
020 |a 0080273076 :  |c 50.00 
035 |a (OCoLC)07197500 
035 |9 AAK3499AM 
040 |a DLC  |c DLC  |d TXA  |d UtOrBLW 
049 |a TXAM  |c [1502319] 
050 0 0 |a TC409  |b .I2 1980 
082 0 |a 333.91/0072  |2 19 
111 2 |a IFAC Symposium on Water and Related Land Resource Systems  |d (1980 :  |c Cleveland, Ohio) 
245 1 0 |a Water and related land resource systems :  |b IFAC symposium, Cleveland, Ohio, U.S.A., 28-31 May 1980 /  |c editors Y. Haimes and J. Kindler. 
250 |a 1st ed. 
264 1 |a Oxford ;  |a New York :  |b Published for the International Federation of Automatic Control by Pergamon Press,  |c 1981. 
300 |a xii, 524 pages :  |b illustrations ;  |c 30 cm. 
336 |a text  |b txt  |2 rdacontent 
337 |a unmediated  |b n  |2 rdamedia 
338 |a volume  |b nc  |2 rdacarrier 
490 1 |a IFAC proceedings series 
500 |a Sponsored by International Federation of Automatic Control Committee on Systems Engineering. 
504 |a Includes bibliographies. 
650 0 |a Water resources development  |x Mathematical models  |x Congresses. 
650 0 |a Water resources development  |x Data processing  |x Congresses. 
650 0 |a Land use  |x Mathematical models  |x Congresses. 
650 0 |a Land use  |x Data processing  |x Congresses. 
700 1 |a Haimes, Yacov Y. 
700 1 |a Kindler, J.  |q (Janusz) 
710 2 |a International Federation of Automatic Control.  |b Committee on Systems Engineering. 
830 0 |a IFAC proceedings series. 
999 |a MARS 
999 f f |s 4f44ec91-ff70-3bd5-9367-a1dd8c0eebc5  |i 5edffe23-70e3-39a5-84d9-cfdcd669ecb5  |t 0 
952 f f |p ric  |a Texas A&M University  |b Rellis Campus  |c Joint Library Facility  |d Remote Storage  |t 0  |e TC409 .I2 1980  |h Library of Congress classification  |i unmediated -- volume  |m A14806244390 
998 f f |a TC409 .I2 1980  |t 0  |l Remote Storage